Highest Grossing Horror Movies All-Time - Statistics

General Stats
  • This quiz has been taken 118 times
  • The average score is 8 of 30
Answer Stats
Worldwide Gross Year Film % Correct
$700,381,759 2017 It
87%
$255,498,536 2018 Halloween
70%
$441,306,145 1973 The Exorcist
64%
$319,494,638 2013 The Conjuring
53%
$248,639,099 1999 The Blair Witch Project
44%
$248,218,486 2002 The Ring
44%
$470,653,000 1975 Jaws
43%
$672,806,292 1999 The Sixth Sense
36%
$255,745,157 2017 Get Out
32%
$272,742,922 1991 The Silence of the Lambs
32%
$257,047,661 2014 Annabelle
31%
$320,392,818 2016 The Conjuring 2
31%
$365,550,119 2018 The Nun
30%
$256,067,149 2019 Us
30%
$340,952,971 2018 A Quiet Place
22%
$351,692,268 2001 Hannibal
17%
$473,093,228 2019 It Chapter Two
17%
$403,354,469 2012 Prometheus
12%
$540,007,876 2013 World War Z
12%
$306,515,884 2017 Annabelle: Creation
10%
$278,019,771 2000 Scary Movie
8%
$408,247,917 2002 Signs
8%
$256,697,520 2004 The Village
8%
$278,454,358 2017 Split
6%
$297,372,261 2020 A Quiet Place Part II
5%
$585,349,010 2007 I Am Legend
4%
$300,257,475 2004 Van Helsing
4%
$245,527,149 2012 Dark Shadows
3%
$300,228,084 2010 Resident Evil: Afterlife
3%
$312,242,626 2017 Resident Evil: The Final Chapter
3%
No matching quizzes found
Score Distribution
Percent of People with Each Score
Percentile by Number Answered
Your Score History
You have not taken this quiz